000 00526nam a22002177a 4500
003 UA-OsUOA
001 38359
007 ta
008 20060504b un ||||| |||| 00| 0 ukr d
100 _aЮркова Олександра
090 _a32
_bЮ11
942 _cSA
040 _aUA-OsUOA
_bukr
_cUA-OsUOA
_dUA-OsUOA
245 _aЯ деякі райони без представництва
300 _a3 с.
955 _a0
041 _aukr
080 _a32
773 0 _w38358
650 7 _a32 Політика
_2UDC
999 _c324527
_d324527